Échelle de mots : dévie à tarde - Statistiques

Statistiques générales
  • Ce quiz a été pris 1 441 fois
  • Le résultat moyen est 10 sur 23
Statistiques - réponses
Hint Réponse % Correct
Change sa trajectoire devie
99%
Il me _____ que ce soit enfin fini tarde
95%
Refuse d'admettre denie
77%
Les soldats la montent garde
63%
Abjure sa foi renie
57%
Le chat le fait avec la souris mange
51%
Sur les cahiers d'écolier, l'instituteur y met ses observations marge
51%
Chaussures d'été tongs
50%
Bébé en a bien besoin lange
46%
Moments semblant d'une grande durée longs
45%
Fille de mauvaise vie garce
43%
Pour attacher un cheval longe
42%
Pourquoi ? parce
42%
Passe crème ! large
40%
Restitue à son propriétaire rende
38%
D'enfants dans une cour ronde
32%
Une seule dans les yeux pour Mike Brant larme
31%
Lilian Thuram y a joué durant 5 saisons parme
28%
Les cabris sont réputés pour les leurs bonds
23%
Instrument bien pratique pour explorer sonde
23%
Empêche l'eau de s'écouler dans l'évier bonde
22%
Cela vient en supplément bonus
21%
On vous le vante musculairement tonus
20%
Aucun quiz correspondant
Distribution des résultats
% des personnes avec chaque résultat
Percentile par nombre de réponses
Votre historique - résultats
Vous n’avez pas pris ce quiz